000 00532nam a22001697a 4500
999 _c114692
_d114692
005 20191119101821.0
008 191119b ||||| |||| 00| 0 eng d
020 _a9695033350
040 _cPK-LaUMT
082 _a608
_bFIL-S
100 _aFilbin, Tom = فلبن، تام
245 _aSou azeem ejadaat = 100 عظیم ایجادات/
_cby Tom Filbin; translated by Yasir Jawad از ٹام فلبن؛ مترجم یاسر جواد
260 _aLahore :
_bAl-Faisal,
_c2011
300 _a344 p.
546 _aUrdu
942 _cBK